A primer on dosage form design / (Record no. 73198)
[ view plain ]
| 000 -LEADER | |
|---|---|
| fixed length control field | 00816nam a22002297a 4500 |
| 005 - DATE AND TIME OF LATEST TRANSACTION | |
| control field | 20130122115659.0 |
| 008 - FIXED-LENGTH DATA ELEMENTS--GENERAL INFORMATION | |
| fixed length control field | 130122t xxu||||| |||| 00| 0 eng d |
| 010 ## - LCCN (DPL NO) | |
| LC control number | ENG-106639 |
| 020 ## - INTERNATIONAL STANDARD BOOK NUMBER | |
| International Standard Book Number | 9788188449149 |
| Terms of availability | 110.00 |
| 035 ## - SYSTEM CONTROL NUMBER | |
| System control number | EN-90172 |
| 037 ## - SOURCE OF ACQUISITION | |
| Source of stock number/acquisition | DBAD / PUB |
| 040 ## - CATALOGING SOURCE | |
| Original cataloging agency | DPL |
| Language of cataloging | ENG |
| 100 ## - MAIN ENTRY--PERSONAL NAME | |
| Personal name | Sengar, N. P. S. |
| 9 (RLIN) | 54940 |
| 245 ## - TITLE STATEMENT | |
| Title | A primer on dosage form design / |
| Statement of responsibility, etc | by N. P. S. Sengar, Ritesh Agrawal [and] Ashwini singh |
| 260 ## - PUBLICATION, DISTRIBUTION, ETC. (IMPRINT) | |
| Place of publication, distribution, etc | Hyderabad |
| Name of publisher, distributor, etc | PharmaMed Press |
| Date of publication, distribution, etc | 2009 |
| 270 ## - ADDRESS | |
| Address | 4-4-316, Giriraj Lane, Sultan Bazar, |
| City | Hyderabad |
| Postal code | 500095 |
| 300 ## - PHYSICAL DESCRIPTION | |
| Extent | xiii, 120p. |
| Dimensions | 24cm(pbk) |
| 700 ## - ADDED ENTRY--PERSONAL NAME | |
| 9 (RLIN) | 54941 |
| Personal name | Agrawal, Ritesh |
| 700 ## - ADDED ENTRY--PERSONAL NAME | |
| Personal name | Singh, Ashwini |
| 9 (RLIN) | 54948 |
| 942 ## - ADDED ENTRY ELEMENTS (KOHA) | |
| Source of classification or shelving scheme | Dewey Decimal Classification |
| Item type | English Books |
| Call number suffix | SEN |
| Withdrawn status | Lost status | Source of classification or shelving scheme | Damaged status | Not for loan | Collection code | Home library | Current library | Date acquired | Source of acquisition | Cost, normal purchase price | Total Checkouts | Full call number | Barcode | Date last seen | Copy number | Cost, replacement price | Koha item type |
|---|---|---|---|---|---|---|---|---|---|---|---|---|---|---|---|---|---|
| Dewey Decimal Classification | Non-fiction | D.B.Act.Division | D.B.Act.Division | 22/01/2013 | DBAD/PUB | 110.00 | SEN | EN-90172 | 22/01/2013 | 1 | 110.00 | English Books |
